000
00353nam a2200157Ia 4500
005
20250428014326.0
008
240331s9999 xx 000 0 und d
020
_a
9555735557
082
_b
HAT
_a
891
100
_a
Haththaka,M
245
0
_a
Raagini
260
_a
Nugegoda
_b
Sarasavi Books
_c
2007
300
_a
226 p .,
650
_a
A Novel
942
_c
L
999
_c
5196
_d
5196